Colmillo blanco /

Guardado en:
Detalles Bibliográficos
Autor principal: London, Jack (autor)
Otros autores: Novo Cerro, José (traducción) (traducción)
Formato: Libro
Idioma:Español
Publicado: Madrid, España : Espasa-Calpe, 1977, c1947
Edición:5a edición
Colección:(Austral ; 766)
Temas:
Etiquetas: Agrega una etiqueta
Sin etiquetas, Sé el primero en etiquetar este registro!

MARC

LEADER 00000nam^a2200000^a^4500
001 000324525
005 20250521000000.0
008 120914 19771947
009 20260310113712.608
020 |a 84-239-0766-X 
037 |a Acervo Xavier Clavigero 
041 |a ESP 
082 |a 808.  |b AUS V. 766 
100 |a London, Jack  |e (autor) 
245 1 0 |a Colmillo blanco /  |c J. London ; tr. por J. Novo Cerro. 
250 |a 5a edición 
264 4 |a Madrid, España :  |b Espasa-Calpe,  |c 1977, c1947 
300 |a 220 p. 
336 |a texto  |b txt  |2 rdacontenido 
337 |a sin mediación  |b n  |2 rdamedio 
338 |a volumen  |b nc  |2 rdasoporte 
440 1 |a (Austral ;  |v 766) 
545 0 |a Jack London, escritor norteamericano nacido en 1876, y muerto en 1916. Cultivador de diversos géneros, es reconocido por su capacidad para captar las diferencias y contradicciones individuales y colectivas, aunque el elemento central de su narrativa es la aventura, derivado en gran medida de la propia vida aventurera del escritor e, incluso, de más de una experiencia al margen de la ley. Algunos de sus textos son: La llamada selva, El lobo de mar, Colmillo blanco, La calle, Martin Eden, El talón de hierro, El silencio blanco, Hacer un fuego, Los vagabundos del ferrocarril, entre otros. 
649 |a XX 
650 |a Perros en la Literatura 
650 |a Novela Norteamericana 
650 |a Literatura Norteamericana -  |y Siglo XX 
700 |a Novo Cerro, José  |e (traducción) 
910 |a Fondo General 
920 |a Impresos - Libros 
930 |a Colección General 
940 |a Literatura 
905 |a 101 
901 |a 061513  |b IT1  |c LIT  |u 20250521 
902 |a https://opac.biblio.iteso.mx/vufind/Record/000324525